[Event "CAN-op"]
[Site "Edmonton CAN"]
[Date "2000.07.15"]
[Round "9"]
[White "Carayanniotis, George"]
[Black "Alderton, Peter"]
[Result "0-1"]
[WhiteElo "998"]
[BlackElo "1585"]
[PlyCount "110"]
[GameId "2160767911694990"]
[EventDate "2000.07.08"]
[EventType "swiss"]
[EventRounds "10"]
[EventCountry "CAN"]

1. d4 Nf6 2. Nc3 e6 3. e4 d5 4. exd5 exd5 5. Be3 Bb4 6. Qd3 O-O 7. O-O-O Be6 8. h3 Nbd7 9. f4 Bxc3 10. Qxc3 Ne4 11. Qe1 a5 12. Ne2 b5 13. Nc3 Nxc3 14. Qxc3 b4 15. Qe1 Bf5 16. Bd3 Bxd3 17. Rxd3 Nf6 18. Bf2 Qd6 19. Qe5 Qc6 20. Qe2 Ne4 21. Be1 Rab8 22. Rb3 a4 23. Rxb4 Rxb4 24. Bxb4 Ng3 25. Qe1 Nxh1 26. Qxh1 Qc4 27. a3 Qxd4 28. f5 Qf4+ 29. Kb1 Qxf5 30. Qh2 Qf1+ 31. Ka2 Qc4+ 32. Kb1 c5 33. Bd2 Qb5 34. Bf4 c4 35. Qg3 Qc6 36. Be5 Qg6 37. Qf3 Rd8 38. Bd4 h6 39. g4 Qe4 40. Qc3 f6 41. Bxf6 gxf6 42. Qxf6 Rf8 43. Qxh6 Qh7 44. Qe6+ Qf7 45. Qe3 Kg7 46. Qg5+ Kh7 47. h4 d4 48. Qb5 c3 49. Qd3+ Kg8 50. Qxd4 cxb2 51. Kxb2 Qf6 52. Qxf6 Rxf6 53. g5 Rf3 54. c4 Rb3+ 55. Kc2 Rxa3 0-1

[Event "CAN-op"]
[Site "Edmonton CAN"]
[Date "2000.07.15"]
[Round "9"]
[White "Chi, Jonathan"]
[Black "Boron, Anthony"]
[Result "0-1"]
[WhiteElo "1392"]
[BlackElo "1862"]
[PlyCount "112"]
[GameId "2160767911694991"]
[EventDate "2000.07.08"]
[EventType "swiss"]
[EventRounds "10"]
[EventCountry "CAN"]

1. d4 Nf6 2. c4 e6 3. Bg5 Bb4+ 4. Nc3 h6 5. Bh4 c5 6. dxc5 Qa5 7. Qb3 Ne4 8. Rc1 Nxc5 9. Qc2 Nc6 10. e3 Qxa2 11. Nf3 Na4 12. Be2 Qxb2 13. Qxb2 Nxb2 14. O-O Bxc3 15. Rxc3 Na4 16. Rc2 Nc5 17. Bg3 b6 18. Rd1 Ne4 19. Bf4 O-O 20. h3 Re8 21. Bd6 Nxd6 22. Rxd6 Re7 23. Rcd2 f6 24. Bd1 Nd8 25. Ba4 Nb7 26. R6d4 Nc5 27. Bc2 Bb7 28. Ne1 d5 29. cxd5 Bxd5 30. Rd1 Kf7 31. R4d2 b5 32. Rb1 Bc4 33. Rdd1 a5 34. Bd3 Nxd3 35. Nxd3 Bxd3 36. Rxd3 b4 37. Rd4 Rb7 38. Kf1 Rc8 39. Rd2 b3 40. Rdb2 a4 41. Ke2 Rbc7 42. Kd3 Rc3+ 43. Kd2 e5 44. g3 e4 45. h4 Ke6 46. Ke2 Rc2+ 47. Kd1 Kf5 48. Ke1 Kg4 49. Kf1 Kf3 50. Ke1 Rc1+ 51. Rxc1 Rxc1+ 52. Kd2 Rc2+ 53. Rxc2 bxc2 54. Kxc2 Kxf2 55. Kd2 a3 56. Kc2 Kxe3 0-1

[Event "CAN-op"]
[Site "Edmonton CAN"]
[Date "2000.07.15"]
[Round "9"]
[White "Clark, Alan"]
[Black "Xia, Yanchong"]
[Result "1-0"]
[WhiteElo "2003"]
[BlackElo "1731"]
[PlyCount "77"]
[GameId "2160767911694992"]
[EventDate "2000.07.08"]
[EventType "swiss"]
[EventRounds "10"]
[EventCountry "CAN"]

1. e4 c5 2. c3 Nf6 3. e5 Nd5 4. d4 cxd4 5. Nf3 e6 6. Bc4 Nb6 7. Bb3 dxc3 8. Nxc3 d5 9. exd6 Bxd6 10. O-O O-O 11. Qe2 Nc6 12. Rd1 Qe7 13. Be3 Rd8 14. Ne4 Nd5 15. Nxd6 Rxd6 16. Bc5 Nf4 17. Qc4 Rxd1+ 18. Rxd1 Qf6 19. Qe4 e5 20. Nxe5 Nxe5 21. Qxe5 Be6 22. Qxf6 gxf6 23. Bxe6 Nxe6 24. Be3 a6 25. Rd7 Rd8 26. Rxd8+ Nxd8 27. Kf1 Kf8 28. Ke2 Ke7 29. Kd3 Kd6 30. Ke4 Ke6 31. Kd4 Kd6 32. Bf4+ Ke6 33. Kc5 Kf5 34. Be3 Ke4 35. Kb6 Kd3 36. Kc7 Ne6+ 37. Kxb7 Kc2 38. Kxa6 Kxb2 39. a4 1-0

[Event "CAN-op"]
[Site "Edmonton CAN"]
[Date "2000.07.15"]
[Round "9"]
[White "Clemens, John"]
[Black "Sekuloff, Mike"]
[Result "0-1"]
[WhiteElo "1564"]
[BlackElo "1725"]
[PlyCount "78"]
[GameId "2160767911694993"]
[EventDate "2000.07.08"]
[EventType "swiss"]
[EventRounds "10"]
[EventCountry "CAN"]

1. e4 c5 2. Nc3 e6 3. Nf3 Nc6 4. Be2 d5 5. exd5 exd5 6. d4 c4 7. O-O Be7 8. b3 Qa5 9. Bb2 Be6 10. bxc4 Bb4 11. Qd2 Nf6 12. Bd3 dxc4 13. a3 Be7 14. Be2 O-O 15. Qe1 Nd5 16. Nxd5 Qxd5 17. c3 Na5 18. Nd2 Bg5 19. f4 Bf6 20. Qd1 Qd7 21. Ne4 Be7 22. Ra2 Nb3 23. Nd2 Na5 24. a4 Bd5 25. Ba3 Rfe8 26. Bg4 Qc6 27. Bxe7 Rxe7 28. Rf2 Rae8 29. Be2 Re3 30. Nb1 Nb3 31. h3 Qg6 32. Kh2 Qg3+ 33. Kg1 R8e6 34. f5 R6e4 35. Qf1 Rh4 36. Bg4 h5 37. Rf4 Re1 38. Raf2 Rxf1+ 39. Rxf1 Qxg2# 0-1

[Event "CAN-op"]
[Site "Edmonton CAN"]
[Date "2000.07.15"]
[Round "9"]
[White "Climenhaga, Harold"]
[Black "Sexsmith, Kyle"]
[Result "1-0"]
[WhiteElo "1938"]
[BlackElo "1566"]
[PlyCount "75"]
[GameId "2160767911694994"]
[EventDate "2000.07.08"]
[EventType "swiss"]
[EventRounds "10"]
[EventCountry "CAN"]

1. e4 c5 2. Nf3 Nc6 3. d4 cxd4 4. Nxd4 e5 5. Nb5 d6 6. N1c3 a6 7. Na3 Nf6 8. Bg5 Be7 9. Be2 b5 10. Bxf6 Bxf6 11. Nd5 Bb7 12. c3 Rc8 13. Nc2 Na5 14. Nce3 Bg5 15. O-O Bxe3 16. fxe3 Nc4 17. Bxc4 Rxc4 18. Qf3 O-O 19. Rf2 h6 20. Rd1 f6 21. Qf5 Bc8 22. Qg6 Kh8 23. Rfd2 Bb7 24. Qf5 Bc8 25. Qf3 f5 26. exf5 Rxf5 27. Qe2 Re4 28. Qd3 Rg4 29. Nb4 Rfg5 30. g3 Bb7 31. Qxd6 Qxd6 32. Rxd6 Rxg3+ 33. hxg3 Rxg3+ 34. Kf2 Rg2+ 35. Ke1 Rxb2 36. R6d2 Rxd2 37. Rxd2 a5 38. Nd3 1-0

[Event "CAN-op"]
[Site "Edmonton CAN"]
[Date "2000.07.15"]
[Round "9"]
[White "Das, Samir"]
[Black "Daku, Zoltan"]
[Result "1/2-1/2"]
[WhiteElo "1396"]
[BlackElo "1717"]
[PlyCount "44"]
[GameId "2160767911694995"]
[EventDate "2000.07.08"]
[EventType "swiss"]
[EventRounds "10"]
[EventCountry "CAN"]

1. e4 e5 2. Nf3 Nc6 3. Bb5 d6 4. O-O Nf6 5. d4 exd4 6. Qxd4 Bd7 7. Bxc6 Bxc6 8. Nc3 Be7 9. Re1 O-O 10. Bg5 h6 11. Bh4 Re8 12. Rad1 Nh7 13. Bg3 Ng5 14. Re3 Nxf3+ 15. Rxf3 Bd7 16. Re1 Bf6 17. e5 Bc6 18. Rfe3 dxe5 19. Qxd8 Raxd8 20. Bxe5 Bxe5 21. Rxe5 f6 22. Re7 Kf8 1/2-1/2

[Event "CAN-op"]
[Site "Edmonton CAN"]
[Date "2000.07.15"]
[Round "9"]
[White "Davies, Lucas"]
[Black "Olson, Hans"]
[Result "0-1"]
[WhiteElo "1810"]
[BlackElo "2044"]
[PlyCount "154"]
[GameId "2160767911694996"]
[EventDate "2000.07.08"]
[EventType "swiss"]
[EventRounds "10"]
[EventCountry "CAN"]

1. e4 e5 2. Nf3 Nc6 3. Bc4 Bc5 4. c3 Nf6 5. d3 d6 6. Nbd2 Bb6 7. h3 Bd7 8. Nf1 Na5 9. Bb3 Nxb3 10. axb3 O-O 11. Ng3 Re8 12. Bg5 h6 13. Be3 Bxe3 14. fxe3 d5 15. exd5 Nxd5 16. e4 Nf4 17. O-O Bb5 18. c4 Bc6 19. Ne1 Qd4+ 20. Kh2 Qxb2 21. Rb1 Qd4 22. Nf5 Qd7 23. Qg4 Ng6 24. h4 Qe6 25. h5 Bd7 26. Qg3 Rf8 27. Nf3 Rae8 28. N3h4 Kh7 29. hxg6+ fxg6 30. Ne3 Rxf1 31. Rxf1 c6 32. Nf3 a6 33. Qe1 Re7 34. Qc3 Qf6 35. Kg1 Qf4 36. Qe1 Qf6 37. Qf2 g5 38. Nh2 Qxf2+ 39. Kxf2 g6 40. Ke2 Kg7 41. Nhg4 h5 42. Nh2 g4 43. Rd1 Kf6 44. Nhf1 h4 45. Nh2 Kg5 46. Rf1 Be6 47. Rf8 Bd7 48. Nd1 Rh7 49. Nb2 Re7 50. Na4 Re8 51. Rf7 Be6 52. Rxb7 Kf4 53. Nf1 g3 54. Ne3 h3 55. gxh3 Rf8 56. Nc5 Bxh3 57. Rh7 Bg4+ 58. Nxg4 Kxg4 59. Rh1 g2 60. Rb1 Kg3 61. Nxa6 Rf2+ 62. Ke3 Rf1 63. Rxf1 gxf1=Q 64. Kd2 Qf2+ 65. Kc3 Qb6 66. d4 exd4+ 67. Kb2 Qxa6 68. e5 Kf3 69. e6 Qa7 70. b4 Ke3 71. b5 cxb5 72. e7 Qxe7 73. c5 Qxc5 74. Kb3 Qc3+ 75. Ka2 Qb4 76. Ka1 Kd3 77. Ka2 Kc2 0-1

[Event "CAN-op"]
[Site "Edmonton CAN"]
[Date "2000.07.15"]
[Round "9"]
[White "Deane, Lloyd"]
[Black "Chow, Vincent"]
[Result "0-1"]
[WhiteElo "1582"]
[BlackElo "2042"]
[PlyCount "76"]
[GameId "2160767911694997"]
[EventDate "2000.07.08"]
[EventType "swiss"]
[EventRounds "10"]
[EventCountry "CAN"]

1. b3 Nf6 2. Bb2 g6 3. g3 Bg7 4. Bg2 O-O 5. e4 d6 6. Ne2 e5 7. O-O Nc6 8. d3 Bg4 9. h3 Bd7 10. Qd2 Rc8 11. c4 Nh5 12. Nbc3 f5 13. exf5 gxf5 14. Nd5 Be6 15. Kh2 Qe8 16. Rae1 Bxd5 17. Bxd5+ Kh8 18. Ng1 Qg6 19. Bc1 f4 20. g4 Nf6 21. Bxc6 bxc6 22. f3 h5 23. Rf2 Bh6 24. Rg2 Bg5 25. Ne2 Bh4 26. Rf1 Rf7 27. Bb2 hxg4 28. hxg4 Qh6 29. Kg1 Rh7 30. Rh2 Kg7 31. g5 Qg6 32. Rg2 Bxg5 33. Nxf4 exf4 34. Rff2 Rch8 35. Bxf6+ Kxf6 36. Qc3+ Kf7 37. Rxg5 Rh1+ 38. Kg2 R8h2# 0-1

[Event "CAN-op"]
[Site "Edmonton CAN"]
[Date "2000.07.15"]
[Round "9"]
[White "Gardner, Robert"]
[Black "Daniluk, Jim"]
[Result "1-0"]
[WhiteElo "2285"]
[BlackElo "2123"]
[PlyCount "53"]
[GameId "2160767911694998"]
[EventDate "2000.07.08"]
[EventType "swiss"]
[EventRounds "10"]
[EventCountry "CAN"]

1. f4 d5 2. g3 Nf6 3. Nf3 c5 4. Bg2 g6 5. d3 Bg7 6. O-O Nc6 7. h3 Qc7 8. Nc3 e6 9. e4 dxe4 10. dxe4 O-O 11. e5 Rd8 12. Qe2 Ne8 13. Be3 b6 14. h4 Bb7 15. h5 Qe7 16. hxg6 hxg6 17. Ng5 Nd4 18. Bxd4 Bxg2 19. Qxg2 cxd4 20. Nce4 f5 21. exf6 Nxf6 22. Rae1 Ng4 23. Qh3 Ne3 24. Qh7+ Kf8 25. Qxg6 Nxf1 26. Nxe6+ Kg8 27. N4g5 1-0

[Event "CAN-op"]
[Site "Edmonton CAN"]
[Date "2000.07.15"]
[Round "9"]
[White "Gemmell, Ian"]
[Black "McKay, Tom"]
[Result "0-1"]
[WhiteElo "1344"]
[BlackElo "1689"]
[PlyCount "122"]
[GameId "2160767911694999"]
[EventDate "2000.07.08"]
[EventType "swiss"]
[EventRounds "10"]
[EventCountry "CAN"]

1. f4 Nf6 2. e3 g6 3. Nc3 d5 4. b3 Bg7 5. Nf3 Nc6 6. d4 a6 7. Be2 O-O 8. Ba3 b5 9. Bc5 Re8 10. Ne5 Nxe5 11. fxe5 Nd7 12. Nxd5 Nxc5 13. dxc5 Bxe5 14. Rb1 Bb7 15. Bf3 Rb8 16. O-O e6 17. Nf4 Bxf3 18. Qxf3 Qe7 19. Nd3 Bg7 20. Nb4 Ra8 21. Nd3 f5 22. e4 Bd4+ 23. Kh1 Bg7 24. b4 Rad8 25. exf5 exf5 26. Rbe1 Qf7 27. Qc6 Rxe1 28. Rxe1 Qxa2 29. Qxc7 Rf8 30. Re7 Qa1+ 31. Re1 Qa2 32. Re2 Qb1+ 33. Ne1 Qxb4 34. Qc6 Qc4 35. Qe6+ Qxe6 36. Rxe6 Rc8 37. Nd3 Bf8 38. c6 Kf7 39. Re2 Bd6 40. h3 Rxc6 41. g4 f4 42. Kg2 g5 43. Kf3 Rc8 44. Rd2 Kf6 45. Nf2 Bf8 46. Ne4+ Kg6 47. h4 gxh4 48. Kxf4 Bh6+ 49. g5 Bf8 50. Kg4 Rc4 51. Kf3 a5 52. c3 a4 53. Rb2 b4 54. Nd2 Rxc3+ 55. Kg4 h3 56. Ne4 Rc4 57. Kf3 a3 58. Rd2 Rc6 59. Rh2 b3 60. Nd2 b2 61. Nb1 Rc1 0-1

[Event "CAN-op"]
[Site "Edmonton CAN"]
[Date "2000.07.15"]
[Round "9"]
[White "Gomboc, Dave"]
[Black "Kesteris, Imants"]
[Result "1-0"]
[WhiteElo "1991"]
[BlackElo "1744"]
[PlyCount "45"]
[GameId "2160767911695000"]
[EventDate "2000.07.08"]
[EventType "swiss"]
[EventRounds "10"]
[EventCountry "CAN"]

1. d4 d5 2. c4 c6 3. Nc3 Bf5 4. Nf3 Nf6 5. g3 Nbd7 6. cxd5 cxd5 7. Bg2 e6 8. Bf4 Nh5 9. Bd2 Nb6 10. Nh4 Bg6 11. e4 dxe4 12. Nxg6 hxg6 13. Bxe4 Qxd4 14. Bxb7 Rd8 15. Bc6+ Nd7 16. Be3 Qe5 17. Qd4 Qc7 18. Ba4 Qb7 19. O-O-O a6 20. Qb6 Qf3 21. Rxd7 Rxd7 22. Bxd7+ Kxd7 23. Rd1+ 1-0

[Event "CAN-op"]
[Site "Edmonton CAN"]
[Date "2000.07.15"]
[Round "9"]
[White "Gomes, Alan"]
[Black "MacNab, John"]
[Result "1-0"]
[WhiteElo "1946"]
[BlackElo "1674"]
[PlyCount "120"]
[GameId "2160767911695001"]
[EventDate "2000.07.08"]
[EventType "swiss"]
[EventRounds "10"]
[EventCountry "CAN"]

1. e4 c5 2. c4 Nc6 3. b3 Nf6 4. Nc3 e6 5. Nf3 d6 6. d4 cxd4 7. Nxd4 Be7 8. Be2 O-O 9. O-O a6 10. Bb2 e5 11. Nc2 Qc7 12. Bd3 Nd8 13. Nd5 Nxd5 14. exd5 f5 15. f3 b6 16. g3 Nb7 17. b4 Bf6 18. Ne3 f4 19. Ng4 Bxg4 20. fxg4 fxg3 21. hxg3 Rf7 22. Qc2 g6 23. Rf2 Raf8 24. Raf1 Bg5 25. Rxf7 Rxf7 26. Bc1 Bxc1 27. Qxc1 Rxf1+ 28. Qxf1 Qf7 29. Qxf7+ Kxf7 30. g5 a5 31. a3 Ke7 32. Kf2 Kd7 33. Be2 Ke7 34. Kf3 Kd7 35. Bf1 Ke7 36. Bh3 Nd8 37. Bc8 Nf7 38. Kg4 e4 39. Kf4 e3 40. Bg4 Kd8 41. Be2 Kc7 42. Bf1 Kd8 43. Kxe3 Nxg5 44. Kf4 Nf7 45. g4 Ne5 46. c5 Nd7 47. cxd6 Nf6 48. g5 Nxd5+ 49. Ke4 Nc3+ 50. Kd4 axb4 51. axb4 Na2 52. b5 Nb4 53. Bh3 Nc2+ 54. Ke5 Na3 55. Bf1 Kd7 56. Kd5 Nc2 57. Bh3+ Kd8 58. Kc6 Nd4+ 59. Kxb6 Nf5 60. Bxf5 gxf5 1-0

[Event "CAN-op"]
[Site "Edmonton CAN"]
[Date "2000.07.15"]
[Round "9"]
[White "Goutor, Valentina"]
[Black "Nathani, Kaleim"]
[Result "0-1"]
[WhiteElo "1605"]
[BlackElo "1963"]
[PlyCount "100"]
[GameId "2160767911695002"]
[EventDate "2000.07.08"]
[EventType "swiss"]
[EventRounds "10"]
[EventCountry "CAN"]

1. e4 d5 2. exd5 Nf6 3. c4 e6 4. dxe6 Bxe6 5. d4 Bb4+ 6. Nc3 Ne4 7. Bd2 Qxd4 8. Nxe4 Qxe4+ 9. Qe2 Bxd2+ 10. Kxd2 Qd4+ 11. Ke1 O-O 12. Nf3 Qc5 13. Qe5 Qb4+ 14. Nd2 Nc6 15. Qc3 Qe7 16. Be2 Rad8 17. Rd1 Nd4 18. f3 Nxe2 19. Kxe2 Bxc4+ 20. Kf2 Qc5+ 21. Kg3 Qg5+ 22. Kf2 Rd3 23. Qxc4 Rxd2+ 24. Rxd2 Qxd2+ 25. Qe2 Qd4+ 26. Kg3 g5 27. h3 Qf4+ 28. Kf2 Rd8 29. Rd1 Rxd1 30. Qxd1 Qd6 31. Qc1 Qd4+ 32. Ke2 Qe5+ 33. Kf2 Qd4+ 34. Ke2 Qe5+ 35. Kf2 c5 36. b3 Qd4+ 37. Ke2 f6 38. g3 b5 39. f4 h6 40. fxg5 hxg5 41. Qc2 Kg7 42. Kf3 c4 43. Qe4 Qxe4+ 44. Kxe4 c3 45. Kd3 b4 46. a3 a5 47. axb4 axb4 48. Ke3 Kf7 49. Ke2 f5 50. Ke3 f4+ 0-1

[Event "CAN-op"]
[Site "Edmonton CAN"]
[Date "2000.07.15"]
[Round "9"]
[White "Gushuliak, Justin"]
[Black "Kaptsan, Aron"]
[Result "1/2-1/2"]
[WhiteElo "2119"]
[BlackElo "2073"]
[PlyCount "22"]
[GameId "2160767911695003"]
[EventDate "2000.07.08"]
[EventType "swiss"]
[EventRounds "10"]
[EventCountry "CAN"]

1. e4 e5 2. Nf3 Nc6 3. Bb5 a6 4. Bxc6 dxc6 5. O-O Qd6 6. d4 exd4 7. Qxd4 Qxd4 8. Nxd4 Bd7 9. Nc3 O-O-O 10. Be3 Re8 11. f3 Bb4 1/2-1/2

[Event "CAN-op"]
[Site "Edmonton CAN"]
[Date "2000.07.15"]
[Round "9"]
[White "Hansen, Steve"]
[Black "Caron, Harvey"]
[Result "0-1"]
[WhiteElo "1781"]
[BlackElo "1736"]
[PlyCount "66"]
[GameId "2160767911695004"]
[EventDate "2000.07.08"]
[EventType "swiss"]
[EventRounds "10"]
[EventCountry "CAN"]

1. e4 c5 2. d4 cxd4 3. c3 dxc3 4. Nxc3 Nc6 5. Nf3 d6 6. Bc4 e6 7. Qe2 Nf6 8. O-O a6 9. a3 Be7 10. Rd1 Qc7 11. Bf4 Nh5 12. Be3 O-O 13. Rac1 Nf6 14. h3 b6 15. Ba2 b5 16. Nd5 exd5 17. exd5 Bb7 18. dxc6 Bc8 19. Bf4 Bf5 20. Nh4 Be4 21. Nf3 Rac8 22. Ng5 Bf5 23. Re1 Rce8 24. Nf3 Bd8 25. Qd1 Rxe1+ 26. Qxe1 Re8 27. Qd1 Be7 28. Nd4 Be4 29. Rc3 Rb8 30. Re3 Kf8 31. Nf5 Rd8 32. Rxe4 Nxe4 33. Qd4 Nf6 0-1

[Event "CAN-op"]
[Site "Edmonton CAN"]
[Date "2000.07.15"]
[Round "9"]
[White "Harris, Greg"]
[Black "Tuason, Alfred"]
[Result "1/2-1/2"]
[WhiteElo "1787"]
[BlackElo "1558"]
[PlyCount "38"]
[GameId "2160767911695005"]
[EventDate "2000.07.08"]
[EventType "swiss"]
[EventRounds "10"]
[EventCountry "CAN"]

1. e4 g6 2. f4 d6 3. Nf3 Bg7 4. Bc4 h6 5. O-O Nc6 6. c3 e6 7. Qe1 Bd7 8. d4 Qe7 9. Be3 Nf6 10. Nbd2 Ng4 11. h3 Nxe3 12. Qxe3 d5 13. Bb3 O-O-O 14. e5 Kb8 15. Bc2 g5 16. Nh2 f5 17. Ndf3 Na5 18. b3 Rdg8 19. Qd2 Bf8 1/2-1/2

[Event "CAN-op"]
[Site "Edmonton CAN"]
[Date "2000.07.15"]
[Round "9"]
[White "Hellsten, Ole"]
[Black "Boehmer, Kris"]
[Result "1-0"]
[WhiteElo "1979"]
[BlackElo "2140"]
[PlyCount "34"]
[GameId "2160767911695006"]
[EventDate "2000.07.08"]
[EventType "swiss"]
[EventRounds "10"]
[EventCountry "CAN"]

1. d4 Nf6 2. Nf3 e6 3. e3 c5 4. Bd3 d5 5. c3 Nc6 6. Nbd2 b6 7. O-O Be7 8. e4 O-O 9. e5 Nd7 10. Re1 Re8 11. Nf1 f6 12. Bf4 Qc7 13. Qe2 Bb7 14. exf6 Bd6 15. f7+ Kxf7 16. Ng5+ Kg8 17. Bxh7+ Kh8 1-0

[Event "CAN-op"]
[Site "Edmonton CAN"]
[Date "2000.07.15"]
[Round "9"]
[White "Hinds, Riana"]
[Black "Marks, Terry"]
[Result "0-1"]
[WhiteElo "1295"]
[BlackElo "1593"]
[PlyCount "76"]
[GameId "2160767911695007"]
[EventDate "2000.07.08"]
[EventType "swiss"]
[EventRounds "10"]
[EventCountry "CAN"]

1. e4 e6 2. d4 d5 3. Nd2 c5 4. c3 Nc6 5. Ngf3 Nge7 6. Bd3 Bd7 7. Nf1 Rc8 8. Ng3 cxd4 9. Nxd4 Nxd4 10. cxd4 Nc6 11. O-O Be7 12. Be3 O-O 13. exd5 exd5 14. Nf5 Re8 15. Qg4 Bxf5 16. Bxf5 Rc7 17. Bf4 Bd6 18. Bxd6 Qxd6 19. g3 Qf6 20. Rad1 g6 21. Bc2 a6 22. Bb3 Re4 23. Qh3 Ne7 24. Rd3 Rxd4 25. Rxd4 Qxd4 26. Rd1 Qe5 27. Qg2 d4 28. Qf3 Nf5 29. a3 Qb5 30. Qf4 Qxb3 31. Rd2 Rc1+ 32. Kg2 Rd1 33. Qb8+ Kg7 34. Qe5+ f6 35. Qc7+ Kh6 36. Rxd1 Qxd1 37. Qf4+ Kh5 38. Kh3 Qf1# 0-1

[Event "CAN-op"]
[Site "Edmonton CAN"]
[Date "2000.07.15"]
[Round "9"]
[White "Hinds, Ronald"]
[Black "Day, Jonathan"]
[Result "0-1"]
[WhiteElo "2049"]
[BlackElo "1836"]
[PlyCount "108"]
[GameId "2160767911695008"]
[EventDate "2000.07.08"]
[EventType "swiss"]
[EventRounds "10"]
[EventCountry "CAN"]

1. e4 c5 2. d4 cxd4 3. c3 dxc3 4. Nxc3 a6 5. Bc4 e6 6. a4 Nc6 7. Nf3 d6 8. O-O Be7 9. Qe2 h6 10. Rd1 Qc7 11. Bf4 g5 12. Be3 Nf6 13. Rac1 Ng4 14. Bb3 Nxe3 15. Qxe3 g4 16. Nd2 Bg5 17. Qd3 Ne5 18. Qd4 Qc5 19. Ne2 Qxd4 20. Nxd4 Bd7 21. Rc7 Nc6 22. Nxc6 Bxc6 23. Nc4 Be7 24. Nxd6+ Bxd6 25. Rxd6 O-O 26. Rd2 Rad8 27. Re2 Rd4 28. f3 Rd3 29. Bc2 gxf3 30. Bxd3 fxe2 31. Kf2 Rd8 32. Kxe2 Rd4 33. Bc2 Rb4 34. Kd3 a5 35. Kc3 Bxe4 36. Bxe4 Rxe4 37. Rxb7 Rxa4 38. Rb5 f5 39. b3 Ra2 40. Kd4 Rxg2 41. Ke5 Kf7 42. Rb7+ Kg6 43. Kxe6 Re2+ 44. Kd5 f4 45. Rc7 Re3 46. Rc1 Rxb3 47. Ke4 f3 48. Rg1+ Kf6 49. h4 f2 50. Rf1 Rb2 51. Kf3 a4 52. Kg4 a3 53. Kh5 Ke5 54. Kxh6 a2 0-1

[Event "CAN-op"]
[Site "Edmonton CAN"]
[Date "2000.07.15"]
[Round "9"]
[White "Huber, Gregory"]
[Black "Spraggett, Kevin"]
[Result "0-1"]
[WhiteElo "2260"]
[BlackElo "2501"]
[PlyCount "86"]
[GameId "2160767911695009"]
[EventDate "2000.07.08"]
[EventType "swiss"]
[EventRounds "10"]
[EventCountry "CAN"]
[SourceTitle "EXT 2001"]
[Source "ChessBase"]
[SourceDate "2000.11.22"]
[SourceVersion "1"]
[SourceVersionDate "2000.11.22"]
[SourceQuality "1"]

1. e4 c5 2. Nc3 e6 3. g3 d5 4. exd5 exd5 5. Bg2 Nf6 6. d3 d4 7. Ne4 Nxe4 8. Bxe4 Nd7 9. Ne2 Nf6 10. Bg2 Bd6 11. O-O h6 12. Bf4 O-O 13. c4 dxc3 14. bxc3 Rb8 15. d4 cxd4 16. cxd4 Bg4 17. Be3 Qa5 18. h3 Bf5 19. d5 Rfe8 20. Qb3 Ne4 21. Nd4 Bd7 22. Qd3 Qxd5 23. Rfe1 f5 24. Qb3 Qxb3 25. axb3 a6 26. g4 fxg4 27. hxg4 Nf6 28. g5 Ng4 29. Bd5+ Kh7 30. gxh6 Nxe3 31. fxe3 Kxh6 32. Kg2 g6 33. e4 Kg7 34. Rad1 Bg4 35. Rd3 Re7 36. Rh1 Rd8 37. Nf3 Bb8 38. Ng5 Rh8 39. Re1 Rh2+ 40. Kg1 Rb2 41. Nf3 Ba7+ 42. Kh1 Re8 43. Nd2 Bf2 0-1

[Event "CAN-op"]
[Site "Edmonton CAN"]
[Date "2000.07.15"]
[Round "9"]
[White "Jewlal, Derrick"]
[Black "Bukowski, George"]
[Result "1-0"]
[WhiteElo "1908"]
[BlackElo "1662"]
[PlyCount "55"]
[GameId "2160767911695010"]
[EventDate "2000.07.08"]
[EventType "swiss"]
[EventRounds "10"]
[EventCountry "CAN"]

1. e4 c5 2. f4 d6 3. Nc3 g6 4. g3 Bg7 5. Bg2 e6 6. Nf3 Ne7 7. O-O O-O 8. Kh1 Nbc6 9. Ne2 e5 10. d3 d5 11. Be3 d4 12. Bg1 f5 13. Ng5 h6 14. Nh3 Be6 15. fxe5 Nxe5 16. Nef4 Qd7 17. b3 fxe4 18. Nxe6 Qxe6 19. Nf4 Qd6 20. Bxe4 N7c6 21. Qd2 Rf6 22. Qg2 Raf8 23. h3 g5 24. Nh5 Rxf1 25. Rxf1 Rxf1 26. Qxf1 Qf8 27. Qg2 Qf7 28. Bd5 1-0

[Event "CAN-op"]
[Site "Edmonton CAN"]
[Date "2000.07.15"]
[Round "9"]
[White "Kazakevich, Alexander"]
[Black "Thompson, Brent"]
[Result "1-0"]
[WhiteElo "1752"]
[BlackElo "1381"]
[PlyCount "63"]
[GameId "2160767911695012"]
[EventDate "2000.07.08"]
[EventType "swiss"]
[EventRounds "10"]
[EventCountry "CAN"]

1. d4 d5 2. c4 e6 3. Nc3 Nf6 4. Nf3 c5 5. e3 Nc6 6. cxd5 Nxd5 7. Be2 cxd4 8. exd4 Bb4 9. Bd2 O-O 10. a3 Nxc3 11. bxc3 Bd6 12. O-O e5 13. Bd3 h6 14. d5 Ne7 15. c4 Bf5 16. Qc2 Bxd3 17. Qxd3 Qc7 18. Bb4 a5 19. Bxd6 Qxd6 20. Rfe1 f6 21. Rab1 b6 22. Nd2 f5 23. Qe3 Nc8 24. Qxe5 Qxa3 25. Rb3 Qa2 26. Rg3 g5 27. Qe6+ Kg7 28. Nf3 f4 29. Rg4 Qxc4 30. Nxg5 hxg5 31. Rxg5+ Kh7 32. Qh3# 1-0

[Event "CAN-op"]
[Site "Edmonton CAN"]
[Date "2000.07.15"]
[Round "9"]
[White "Kazakevich, Anastasia"]
[Black "Hangartner, August"]
[Result "1/2-1/2"]
[WhiteElo "1608"]
[BlackElo "1896"]
[PlyCount "58"]
[GameId "2160767911695013"]
[EventDate "2000.07.08"]
[EventType "swiss"]
[EventRounds "10"]
[EventCountry "CAN"]

1. d4 Nf6 2. c4 e6 3. Nc3 Bb4 4. e3 O-O 5. Nge2 b6 6. a3 Be7 7. Nf4 Bb7 8. Bd3 d5 9. cxd5 exd5 10. O-O Nbd7 11. b3 Bd6 12. Qf3 Bxf4 13. Qxf4 Re8 14. Bb2 Qe7 15. Qxc7 Nf8 16. Qxe7 Rxe7 17. Rac1 Ne6 18. Rc2 g6 19. Rfc1 Ne8 20. a4 a6 21. Ba3 Rd7 22. Re2 f5 23. Nb1 Kf7 24. Rec2 Kg8 25. Nd2 Ng5 26. f4 Ne6 27. Nf3 Nd8 28. Ne5 Rg7 29. Rd2 Rb8 1/2-1/2

[Event "CAN-op"]
[Site "Edmonton CAN"]
[Date "2000.07.15"]
[Round "9"]
[White "Kesteris, Thorston"]
[Black "Dewindt, Cor"]
[Result "1-0"]
[WhiteElo "1152"]
[BlackElo "1573"]
[PlyCount "43"]
[GameId "2160767911695014"]
[EventDate "2000.07.08"]
[EventType "swiss"]
[EventRounds "10"]
[EventCountry "CAN"]

1. e4 d5 2. exd5 Nf6 3. Nc3 Nxd5 4. Nxd5 Qxd5 5. b3 Qe5+ 6. Be2 Qxa1 7. a4 Bd7 8. c3 Bf5 9. Nf3 Qb1 10. d3 e6 11. O-O Qa1 12. Qc2 Ba3 13. Nd4 c5 14. Nb5 Bxc1 15. Rxc1 Qxc1+ 16. Qxc1 Na6 17. Nd6+ Ke7 18. Nxf5+ exf5 19. Qg5+ Ke6 20. Qxg7 Rag8 21. Qh6+ Rg6 22. Qd2 1-0

[Event "CAN-op"]
[Site "Edmonton CAN"]
[Date "2000.07.15"]
[Round "9"]
[White "Kleist, Frederick"]
[Black "McIntyre, John"]
[Result "1-0"]
[WhiteElo "2139"]
[BlackElo "1992"]
[PlyCount "65"]
[GameId "2160767911695015"]
[EventDate "2000.07.08"]
[EventType "swiss"]
[EventRounds "10"]
[EventCountry "CAN"]

1. d4 d5 2. c4 e5 3. dxe5 d4 4. Nf3 Nc6 5. g3 Be6 6. Qa4 Qd7 7. Nbd2 Nb4 8. Qxd7+ Bxd7 9. Kd1 c5 10. Bg2 Nh6 11. h3 g6 12. Ne4 O-O-O 13. Bxh6 Bxh6 14. Nd6+ Kc7 15. Nxf7 Bg7 16. Ne1 Rhf8 17. Nxd8 Rxf2 18. Nxb7 Rxg2 19. Nxg2 Kxb7 20. Rf1 Bf5 21. g4 Bc2+ 22. Kd2 Bh6+ 23. Nf4 Be4 24. Rf2 Nc2 25. Rg1 Ne3 26. b3 Bg5 27. Rg3 Bh4 28. Rxe3 dxe3+ 29. Kxe3 Bxf2+ 30. Kxe4 Kc6 31. Ne6 Kd7 32. Kd5 h5 33. Nxc5+ 1-0

[Event "CAN-op"]
[Site "Edmonton CAN"]
[Date "2000.07.15"]
[Round "9"]
[White "Klokow, John"]
[Black "Oliger, Mark"]
[Result "0-1"]
[WhiteElo "1783"]
[BlackElo "1891"]
[PlyCount "38"]
[GameId "2160767911695016"]
[EventDate "2000.07.08"]
[EventType "swiss"]
[EventRounds "10"]
[EventCountry "CAN"]

1. e4 e5 2. f4 exf4 3. Nf3 d5 4. exd5 Nf6 5. Bb5+ c6 6. dxc6 Nxc6 7. Bxc6+ bxc6 8. Qe2+ Be7 9. O-O O-O 10. Qc4 Qb6+ 11. d4 Ba6 12. Qa4 Bxf1 13. Kxf1 c5 14. dxc5 Bxc5 15. Qxf4 Rfe8 16. b3 Re4 17. Qf5 g6 18. Qg5 Ng4 19. Nc3 Qa6+ 0-1